000 01169nam a2200301 c 4500
003 BLK
005 20180420214228.0
008 180412b bul|||||r ||||||| ||bul||
010 _aKNG00008813000
040 _aBLK
041 _aBUL
_cBUL
080 _aАвстрийска литература
_b821.112(436)
_x-312.4
_z821.112(436)-312.4
100 1 _aЗимел, Йоханес Марио
_eпърви автор
_9252639
700 1 _aТонева-Радева, Нона
_eпрев. от нем.
_9252640
139 _aЗимел, Йоханес Марио
_bЗ 64
245 1 0 _aКод Цезар
_bКримин. роман
_cЙоханес Марио Зимел; прев. от нем. Нона Тонева-Радева.
257 _aAUS
260 София
_bЕдем 21
_c1995
300 _a480 с.
_c20 см
380 _aX
490 1 _aИзбрани трилъри
500 _aОриг. загл. Und Jimmy Ging zum Regenbogen / Johannes Mario Simmel. - Офс. изд. - 3 100 тир.
852 _aЦб 183864
856 4 _qpdf
_u
856 4 _qpdf
_u
942 _cKNG
_n0
944 _aCR
_c15.01.2003
_kНаталия_Медовщикова
944 _aED
_c04.11.2005
_k
999 _c7501
_d7501